Pensieri e note : 1917-1918 /

Сохранить в:
Библиографические подробности
Главный автор: De Pisis, Filippo (Автор)
Другие авторы: Caproni, Attilio Mauro (Автор введения и т.д.), Del Puppo, Alessandro (Редактор), Volpato, Simone (Редактор)
Формат:
Язык:итальянский
Опубликовано: Genova : San Marco dei Giustiniani, stampa 2002
Серии:I fuoricollana
Предметы:
Метки: Добавить метку
Нет меток, Требуется 1-ая метка записи!

MARC

LEADER 00000nam a22000007i 4500
001 IT\ICCU\LIG\0002485
003 ItRI
005 20260115231923.0
008 021111s2002 it |||||| ||||| |||||c
020 |a 8874940823 
040 |b ita  |c importazione bologna sebina 
041 7 |a ita  |2 ISO-639-2 
082 |a 759.5  |9 PITTURA. ITALIA  |2 19 
082 |a 759.5  |9 PITTURA. ITALIA  |2 21 
100 1 |a De Pisis, Filippo  |0 IT\ICCU\CFIV\006523  |4 aut 
245 1 0 |a Pensieri e note :  |b 1917-1918 /  |c Filippo De Pisis ; a cura di Alessandro Del Puppo ; edizione critica di Simone Volpato ; prefazione di Attilio Mauro Caproni. 
260 |a Genova :  |b San Marco dei Giustiniani,  |c stampa 2002 
300 |a 61 p. ;  |c 23 cm. 
650 7 |a De Pisis, Filippo  |x Diari  |2 nsbncf 
700 1 |a Caproni, Attilio Mauro  |0 IT\ICCU\CFIV\079880  |4 aui 
700 1 |a Del Puppo, Alessandro  |0 IT\ICCU\VIAV\098897  |4 edt 
700 1 |a Volpato, Simone  |0 IT\ICCU\LIGV\000367  |4 edt 
790 1 |a Tibertelli De Pisis, Luigi Filippo  |3 IT\ICCU\CFIV\006524  |z De Pisis, Filippo 
830 2 |a I fuoricollana  |0 IT\ICCU\RAV\0793032 
942 |2 ddc  |c BK  |n 0 
952 |0 0  |1 0  |4 0  |6 DOC_858_912000000000000_DEP  |7 0  |9 16548  |a BO  |b BO  |d 2026-01-15  |i 7342  |l 0  |o DOC 858.912 DEP  |p BO7342  |r 2026-01-15 23:19:23  |w 2026-01-15  |x [Sebina 5] [1 v.]  |y BK  |z 1 v. 
999 |c 14164  |d 14164